000 01334nam a22003617a 4500
001 0021
003 DO-SdBPM
005 20250630103210.0
007 ta
008 1509292011 mx a 00| 0 spa
020 _a9879709852448 (Obra completa)
020 _a9789709852455(v.1)
020 _a9789709852462 (v.2)
020 _a9789709852479 (v.3)
020 _a9789709852486(v.4)
040 _aDO-SdBPM
_bspa
_cBPMSU
_erda
082 4 _a372.4
_bB346e 2011
_222
245 0 3 _aEl baúl del éxito de Rody :
_baprende a leer y escribir /
_carte y diseño Ramiro Martínez Menéndez ; colaborador Armando Esparza Navarro
264 _aMéxico :
_bEdiciones Euroméxico,
_c2011
300 _a3 volumenes . :
_bilustraciones. , 28 cm + CD ROM ;
_c26 cm.
336 _atexto
_btxt
_2rdatentent
337 _asin mediación
_bn
_2rdamedia
338 _avolument
_bnc
_2rdacarrier
500 _aIncluye material didáctico
505 0 _av.1 : Silabario : v.2 : Lectura prelimar : v.3 : Ejercicios preparatorios : v.4 : Lectura de comprensión -- + Una guía
590 _aInventariado, 2025/VM
650 7 _aEscritura
_xEnseñanza primaria
_xTécnicas.
650 _aPsicología de la escritura
651 _x
700 1 _a Esparza Navarro, Armando
_eColaborador
910 _aVMateo V. Control de calidad. BPMSU
942 _2ddc
_cBK
999 _c8306
_d8306